Countries Based on a Portion of Their Name #5 - Statistics

General Stats
  • This quiz has been taken 128 times
  • The average score is 13 of 20
Answer Stats
Portion Country % Correct
UKR Ukraine
99%
ZIM Zimbabwe
96%
ARM Armenia
91%
BIQ Mozambique
87%
ANZ Tanzania
80%
LAY Malaysia
79%
ALY Italy
77%
XEM Luxembourg
77%
UYA Guyana
73%
BYA Libya
73%
MIC F.S. of Micronesia
69%
ROC Morocco
69%
ZST Kyrgyzstan
66%
EON Sierra Leone
49%
ANC France
39%
OND Honduras
38%
ATA Qatar
29%
OAS Ivory Coast
24%
GAP Singapore
24%
MER Cameroon
17%
No matching quizzes found
Score Distribution
Percent of People with Each Score
Percentile by Number Answered
Your Score History
You have not taken this quiz